Score 0/20 Timer 03:00
4 Plays Today
Scrambled Cheese Unscrambled Cheese % Correct
IWSSSSwiss
96.4%
RIBEBrie
88.9%
LUBEBleu
84%
DEARDCHCheddar
83.4%
LAZAREZMOLMozzarella
81.6%
FEATFeta
78.6%
MADEEdam
73.4%
DUGAOGouda
66.5%
NOZLAROGGOGorgonzola
63.7%
BLOCYColby
58%
Scrambled Cheese Unscrambled Cheese % Correct
TEROFQORURoquefort
51%
OIAGASAsiago
45.9%
STURNEEMMuenster
45.1%
THARAVIHavarti
44.4%
ANROOMRomano
31.2%
LOSTNITStilton
27.4%
NOFTAINFontina
20.4%
CHANGEOMManchego
17%
GUMRELBRILimburger
15.2%
RENEAPPaneer
14.7%
Remove Ads.
Support Sporcle.
Get the best of Sporcle when you Go Orange. This ad-free experience offers more features, more stats, and more fun while also helping to support Sporcle. Thank you for becoming a member.

You're not logged in!

Compare scores with friends on all Sporcle quizzes.
OR
Log In

Show Comments

Extras

Top Quizzes Today


Score Distribution

Your Account Isn't Verified!

In order to create a playlist on Sporcle, you need to verify the email address you used during registration. Go to your Sporcle Settings to finish the process.

Report this User

Report this user for behavior that violates our Community Guidelines.

Details: